| 000 | 00448nam a22001457a 4500 | ||
|---|---|---|---|
| 082 | _a347.5491052 MAH | ||
| 100 | _aMahmood, M. | ||
| 245 |
_aA Comprehensive and Exhaustive Commentary on The Limitation Act, (IX OF1908) / _cM. Mahmood |
||
| 250 | _a15th Edition. | ||
| 260 |
_aLahore : _bAl-Qanoon Publishers, _c2021. |
||
| 300 |
_a1231 p. ; _c24 cm. |
||
| 942 |
_2ddc _cBK |
||
| 999 |
_c587092 _d587092 |
||